000 00634nam1a22002051i 4500
001 rc\3012829
005 20240726010345.0
035 _a(NLR Aleph) 007155242
090 _a7192954
_c7192954
100 _a20110924g19351936|||y0rusy50 ca
101 0 _arus
102 _aRU
105 _ay z |||||
200 1 _aВ помощь шахматисту
_e№ 1-
210 _aМосква
_aЛенинград
_cФизкультура и туризм
_d1935-1936
_eЛенинград
_gтип. "Ленингр. правда"
215 _d17 см
801 0 _aRU
_bNLR
_gpsbo
801 1 _aRU
_bELAR
_2rusmarc
852 _aNLR
_j35-16/62
942 _cBOOK